The effctiveness of using natural fertilizer (fti-7)different of rice spciment (ir66) (ប្រសិទ្ធភាពនៃការប្រើប្រាស់ជីធម្មជាតិ(អែហ្វ ធី អាចសេវន)កំរិតខុសៗគ្នាលើពូជស្រូវអ៊ីអ៊ែ៦៦ (Record no. 1462)
[ view plain ]
| 000 -LEADER | |
|---|---|
| fixed length control field | 00668nam a22001457a 4500 |
| 003 - CONTROL NUMBER IDENTIFIER | |
| control field | OSt |
| 005 - DATE AND TIME OF LATEST TRANSACTION | |
| control field | 20150929105648.0 |
| 008 - FIXED-LENGTH DATA ELEMENTS--GENERAL INFORMATION | |
| fixed length control field | 150929b xxu||||| |||| 00| 0 eng d |
| 040 ## - CATALOGING SOURCE | |
| Transcribing agency | RUA |
| 082 ## - DEWEY DECIMAL CLASSIFICATION NUMBER | |
| Classification number | AGR PEK 2011 B047 Or.1 |
| 100 ## - MAIN ENTRY--PERSONAL NAME | |
| 9 (RLIN) | 1553 |
| Personal name | PEK, KEOKEA. |
| 245 ## - TITLE STATEMENT | |
| Title | The effctiveness of using natural fertilizer (fti-7)different of rice spciment (ir66) (ប្រសិទ្ធភាពនៃការប្រើប្រាស់ជីធម្មជាតិ(អែហ្វ ធី អាចសេវន)កំរិតខុសៗគ្នាលើពូជស្រូវអ៊ីអ៊ែ៦៦ |
| 300 ## - PHYSICAL DESCRIPTION | |
| Extent | xi, 41p. |
| Other physical details | ill. |
| Dimensions | 29cm. |
| 942 ## - ADDED ENTRY ELEMENTS (KOHA) | |
| Source of classification or shelving scheme | |
| Koha item type | AGR |
| Price effective from | Date last seen | Permanent Location | Not for loan | Date acquired | Source of classification or shelving scheme | Koha item type | Barcode | Lost status | Damaged status | Shelving location | Withdrawn status | Current Location | Full call number |
|---|---|---|---|---|---|---|---|---|---|---|---|---|---|
| 2015-09-29 | 2015-09-29 | Library Block B | 2015-09-29 | AGR | RUA000455 | B047 | Library Block B | AGR PEK 2011 B047 Or.1 | |||||
| 2015-09-29 | 2015-09-29 | Library Block B | 2015-09-29 | AGR | RUA000250 | B047 | Library Block B | AGR PEK 2011 B047 Or.2 | |||||
| 2015-09-29 | 2015-09-29 | Library Block B | 2015-09-29 | AGR | RUA000322 | B047 | Library Block B | AGR PEK 2011 B047 Or.3 | |||||
| 2015-09-29 | 2015-09-29 | Library Block B | 2015-09-29 | AGR | RUA000394 | B047 | Library Block B | AGR PEK 2011 B047 Or.4 |